1047 1970 1993 1999 1811 1949 1934 1417 1949 1816 1214 1892 1064 1808 1337 1713 1892 1812 1706 1581 1583 1887 1414 1496 1731 1115 1976 1419 1455 1640 1234 1175 1034 1009 1797 1258 1120 1897 1448 1898 1706 1124 1018 1722 1770 1265 1714 1129 1427 1489 1730 1604 1892 1384 1895 1519 1293 1282 1185 1785 1366 1959 1491 1829 1227 1142 1064 1807 1247 1296 1472 1742 1457 1076 1028 1598 1912 1474 1646 1320 1620 1830 1208 1641 1827 1597 1752 1063 1364 1852 1001 1787 1006 1316 1563 1525 1098 1868 1991 BCNSPRNW ULIB Ver.6.0+V

เปลี่ยนเป็นภาษาไทย

Change to English
 แสดงรายละเอียดบรรณานุกรม
  กลับหน้าหลัก

Brief Record : Get Marc (ISO 2709) : E-mail record : QR code < ปิดหน้าต่าง
LEADER : 00000nam 2200000uu 4500
001    13399113824
003     ULIB
008    120109s2550||||th 000 0 tha d
020    ^a9744469946
090    ^aนว.^bน540ข 2550
100 0  ^aน้ำหนึ่ง
245 00 ^aขอรักเธออีกสักครั้ง/^cน้ำหนึ่ง
250    ^aพิมพ์ครั้งที่ 1
260    ^aกรุงเทพฯ :^bณ บ้านวรรณกรรม,^c2550
300    ^a336 หน้า
710 1  ^aณ บ้านวรรณกรรม
945    ^p265^l0^i15309
995    ^aกัณชพร
999    ^aใช้งานได้ทุกระบบ
รายการนี้ยังไม่มีแท็ก
คุณยังไม่ได้ล็อกอิน คุณสามารถมีกิจกรรมร่วมกับเว็บไซต์ได้ แต่ต้องล็อกอินก่อน ::
  ล็อกอิน

รายการสื่อสารสนเทศ

ลำดับที่ ประเภท เลขเรียก/บาร์โค้ด สถานที่ สถานะ
1. นวนิยาย
นวนิยาย
นว. น540ข 2550  
  Barcode: 15309
ห้องสมุดวิทยาเขตสวรรค์ประชารักษ์
►นวนิยาย
บนชั้น
  ขอยืม

BibComment


ยังไม่เคยถูกคอมเมนท์

คอมเมนท์ทรัพยากรรายการนี้
  คอมเมนท์: ขอรักเธออีกสักคร..


 Copyright 2026. Bcnsprnw @Library